LEADER 01575nam 2200397Ia 450 001 996385665003316 005 20200818215936.0 035 $a(CKB)4940000000079530 035 $a(EEBO)2240896608 035 $a(OCoLC)ocm12925971e 035 $a(OCoLC)12925971 035 $a(EXLCZ)994940000000079530 100 $a19851217d1678 uy | 101 0 $aeng 135 $aurbn||||a|bb| 200 10$aMr. Wingate's arithmetick$b[electronic resource] $econtaining a plain and familiar method, for attaining the knowledge and practice of common arithmetick /$ffirst composed by Edmund Wingate ... afterwards upon Mr. Wingate's request, enlarged in his life time ; also since his decease carefully revised, and much improved, as will appear by the preface and table of contents, by John Kersey .. 205 $aThe seventh edition, very much enlarged. 210 $aLondon $cPrinted by S.R. for R.S., and are to be sold by J. Williams ...$d1678 215 $a[12], 544 [i.e. 524] p. $cill 300 $aReproduction of original in Huntington Library. 300 $aTable of contents: p. [10]-[12] 330 $aeebo-0113 606 $aArithmetic$vEarly works to 1800 606 $aMathematics$vEarly works to 1800 615 0$aArithmetic 615 0$aMathematics 700 $aWingate$b Edmund$f1596-1656.$0320199 701 $aKersey$b John$f1616-1690?$01001822 801 0$bEAA 801 1$bEAA 801 2$bm/c 801 2$bWaOLN 906 $aBOOK 912 $a996385665003316 996 $aMr. Wingate's Arithmetick$92313385 997 $aUNISA LEADER 01047nam0 22002771i 450 001 UON00077825 005 20231205102418.242 010 $a04-358-9058-1 100 $a20020107d1982 |0itac50 ba 101 $aeng 102 $aGB 105 $a|||| ||||| 200 1 $aAfrican traditional architecture$ean historical and geographical perspective$fSusan Denyer 210 $aLondon [etc]$cHeinemann$d1982 215 $axiv, 210 p.$cill.$d25 cm 606 $aARCHITETTURA AFRICANA$3UONC023721$2FI 620 $aGB$dLondon$3UONL003044 676 $a720.96$cARCHITETTURA DELL'AFRICA$v21 700 1$aDENYER$bSusan$3UONV051096$0243265 712 $aHeinemann$3UONV247100$4650 801 $aIT$bSOL$c20240220$gRICA 899 $aSIBA - SISTEMA BIBLIOTECARIO DI ATENEO$2UONSI 912 $aUON00077825 950 $aSIBA - SISTEMA BIBLIOTECARIO DI ATENEO$dSI AFR ART 012 $eSI AA 5636 5 012 996 $aAfrican Traditional Architecture$9652636 997 $aUNIOR